[Event "Canadian zt (Women)"]
[Site "Toronto"]
[Date "2024.04.02"]
[Round "9"]
[White "Golubeva, Oksana"]
[Black "Norovsambuu, Emma"]
[Result "1-0"]
[WhiteElo "2158"]
[BlackElo "1626"]
[PlyCount "61"]
[EventDate "2024.03.28"]
[EventType "team-swiss"]
[EventRounds "9"]
[EventCountry "CAN"]
[SourceTitle "CB15_2024"]
[SourceDate "2024.04.10"]
[SourceVersion "1"]
[SourceVersionDate "2024.04.10"]
[SourceQuality "1"]

1. Nf3 Nf6 2. c4 e6 3. e3 d5 4. Nc3 Be7 5. g4 Bb4 6. Qc2 Nxg4 7. Rg1 h5 8. h3 Nf6 9. Rxg7 Bxc3 10. Qxc3 Ne4 11. Qe5 Nc6 12. Qf4 Qf6 13. Qxf6 Nxf6 14. a3 Ne7 15. Ne5 Rh7 16. Rg1 b6 17. Bd3 Rh8 18. b3 Rg8 19. Rxg8+ Nfxg8 20. Be2 Nf6 21. Bb2 Neg8 22. 0-0-0 Ba6 23. Rg1 Ke7 24. Rg7 Rf8 25. Ng6+ Ke8 26. Nxf8 Kxf8 27. Rg1 Ne4 28. f3 Nd6 29. Bg7+ Ke7 30. Be5 Nf6 31. d3 1-0

[Event "Canadian zt (Women)"]
[Site "Toronto"]
[Date "2024.04.01"]
[Round "7"]
[White "Golubeva, Oksana"]
[Black "Ruchinskaya, Valerie"]
[Result "1/2-1/2"]
[WhiteElo "2158"]
[BlackElo "1877"]
[PlyCount "70"]
[EventDate "2024.03.28"]
[EventType "team-swiss"]
[EventRounds "9"]
[EventCountry "CAN"]
[SourceTitle "CB15_2024"]
[SourceDate "2024.04.10"]
[SourceVersion "1"]
[SourceVersionDate "2024.04.10"]
[SourceQuality "1"]

1. e4 e6 2. d3 d5 3. Nd2 c5 4. Ngf3 Nc6 5. g3 Nf6 6. Bg2 g6 7. 0-0 Bg7 8. exd5 Nxd5 9. Ne4 b6 10. c4 Nde7 11. Bg5 f5 12. Nc3 0-0 13. Qd2 Bd7 14. Rfe1 Rc8 15. Rad1 a6 16. h4 Qc7 17. h5 Rf7 18. hxg6 Nxg6 19. Bh6 Nd4 20. Nxd4 cxd4 21. Ne2 Qd6 22. Bg5 Bc6 23. Nf4 Ne5 24. Qe2 Re8 25. Nh5 Bxg2 26. Kxg2 Ng4 27. Qf3 e5 28. Nxg7 Kxg7 29. Qd5 Qxd5+ 30. cxd5 Rd7 31. f3 Nf6 32. Bxf6+ Kxf6 33. Rc1 Rxd5 34. Rh1 Rc5 35. Rh6+ Kg5 1/2-1/2

[Event "Canadian zt (Women)"]
[Site "Toronto"]
[Date "2024.04.01"]
[Round "8"]
[White "Li, Yilin"]
[Black "Golubeva, Oksana"]
[Result "1-0"]
[WhiteElo "1897"]
[BlackElo "2158"]
[PlyCount "135"]
[EventDate "2024.03.28"]
[EventType "team-swiss"]
[EventRounds "9"]
[EventCountry "CAN"]
[SourceTitle "CB15_2024"]
[SourceDate "2024.04.10"]
[SourceVersion "1"]
[SourceVersionDate "2024.04.10"]
[SourceQuality "1"]

1. e4 e5 2. Nf3 Nc6 3. Bb5 a6 4. Ba4 Bc5 5. 0-0 Nge7 6. Re1 Ng6 7. c3 0-0 8. d4 Ba7 9. Bg5 Qe8 10. d5 Nd8 11. Nbd2 h6 12. Be3 Qe7 13. Nf1 d6 14. Ng3 Nf4 15. Bc2 f6 16. Nh4 g5 17. Bxf4 gxh4 18. Nf5 Bxf5 19. exf5 Qg7 20. Bd2 Kh7 21. Re4 Rg8 22. Qf3 Nf7 23. Rxh4 Ng5 24. Qg3 Rh8 25. Bxg5 Qxg5 26. Rg4 Bxf2+ 27. Kxf2 Qd2+ 28. Kg1 Rhg8 29. Rxg8 Rxg8 30. Qf2 Qg5 31. Be4 Qg7 32. Re1 Qf7 33. Re3 Rg4 34. h3 Rg5 35. Rg3 Qg7 36. Rxg5 hxg5 37. Qf3 Qh6 38. Qg4 Kh8 39. Bf3 Kg8 40. Qh5 Qf8 41. Qg6+ Kh8 42. Bh5 c6 43. Qf7 Qxf7 44. Bxf7 c5 45. a4 a5 46. Kf2 Kg7 47. Bh5 Kh6 48. Bg4 Kg7 49. Ke3 Kf8 50. Kd3 b5 51. axb5 Ke7 52. Kc4 Kd7 53. b6 Kc8 54. Kb5 a4 55. Kxa4 Kb7 56. Kb5 e4 57. g3 e3 58. h4 gxh4 59. gxh4 c4 60. Be2 Kb8 61. Kc6 Kc8 62. b7+ Kb8 63. h5 Ka7 64. Kc7 Ka6 65. b8Q Ka5 66. Qa7+ Kb5 67. Qb6+ Ka4 68. Qb4# 1-0

[Event "Canadian zt (Women)"]
[Site "Toronto"]
[Date "2024.03.28"]
[Round "2"]
[White "Roshini, P."]
[Black "Golubeva, Oksana"]
[Result "0-1"]
[WhiteElo "1761"]
[BlackElo "2158"]
[PlyCount "102"]
[EventDate "2024.03.28"]
[EventType "team-swiss"]
[EventRounds "9"]
[EventCountry "CAN"]
[SourceTitle "CB15_2024"]
[SourceDate "2024.04.10"]
[SourceVersion "1"]
[SourceVersionDate "2024.04.10"]
[SourceQuality "1"]

1. e4 e5 2. Nf3 Nf6 3. Nxe5 d6 4. Nf3 Nxe4 5. Nc3 Nxc3 6. bxc3 Be7 7. d4 d5 8. Rb1 0-0 9. Bd3 b6 10. h3 Nd7 11. 0-0 c5 12. c4 dxc4 13. Be4 Rb8 14. Bf4 Bb7 15. Bxb8 Bxe4 16. Bf4 Nf6 17. Be3 Nd5 18. Qd2 f5 19. Qe2 cxd4 20. Nxd4 Nxe3 21. fxe3 Qd5 22. Rbd1 Qf7 23. Nb5 Qg6 24. Qxc4+ Kh8 25. Qe2 Bc5 26. Nd4 Bd6 27. Rf4 Bxf4 28. exf4 Rd8 29. c3 Qg3 30. Rc1 h6 31. Qf2 Qd3 32. Kh2 Rc8 33. Qg3 Qxg3+ 34. Kxg3 Rc4 35. Nb5 Ra4 36. Nd4 Rxa2 37. Nf3 b5 38. h4 Kg8 39. h5 a5 40. Nh4 Kf7 41. Rd1 Ke6 42. Rd8 Rc2 43. Re8+ Kd5 44. Nxf5 Rxc3+ 45. Kg4 Bxf5+ 46. Kxf5 Rg3 47. Re5+ Kc4 48. Re4+ Kb3 49. Ke5 Ka3 50. Kd5 b4 51. Kd4 b3 0-1

[Event "CAN Transnational op"]
[Site "Montreal"]
[Date "2023.06.08"]
[Round "3"]
[White "Golubeva, Oksana"]
[Black "Vidyarthi, Omya"]
[Result "1-0"]
[WhiteElo "2179"]
[BlackElo "2081"]
[PlyCount "83"]
[EventDate "2023.06.06"]
[EventType "swiss"]
[EventRounds "9"]
[EventCountry "CAN"]
[SourceTitle "CBM 214 Extra"]
[Source "ChessBase"]
[SourceDate "2023.07.31"]
[SourceVersion "1"]
[SourceVersionDate "2023.07.31"]
[SourceQuality "1"]

1. Nf3 d5 2. e3 Nf6 3. c4 e6 4. Nc3 Be7 5. g4 c5 6. d4 dxc4 7. Bxc4 cxd4 8. Nxd4 0-0 9. Qf3 Nfd7 10. Qg3 Nc6 11. Nxc6 bxc6 12. 0-0 Nb6 13. Rd1 Bh4 14. Rxd8 Bxg3 15. Rxf8+ Kxf8 16. hxg3 Nxc4 17. b3 Ne5 18. Ba3+ Kg8 19. g5 Ba6 20. Rd1 Nd3 21. Ne4 Rd8 22. f4 h5 23. g6 fxg6 24. Nc5 Bb5 25. e4 Kf7 26. Bb4 Ke8 27. Ba5 Rd6 28. a4 Nxc5 29. Rxd6 Nb7 30. Rxe6+ Kd7 31. Rxg6 Nxa5 32. axb5 cxb5 33. e5 Nxb3 34. Rxg7+ Ke6 35. Rxa7 Nd4 36. Ra6+ Kd5 37. Rd6+ Kc5 38. Rxd4 Kxd4 39. e6 b4 40. e7 b3 41. e8Q b2 42. Qg6 1-0

[Event "Titled Tuesday intern op 19th Apr Early"]
[Site "Chess.com INT"]
[Date "2022.04.19"]
[Round "5"]
[White "Atakhan, Abtin"]
[Black "Golubeva, Oksana"]
[Result "1-0"]
[WhiteElo "2358"]
[BlackElo "2179"]
[PlyCount "81"]
[EventDate "2022.04.19"]
[EventType "swiss (blitz)"]
[EventRounds "11"]
[EventCountry "USA"]
[SourceTitle "EXT 2023"]
[Source "ChessBase"]
[SourceDate "2022.10.05"]
[SourceVersion "1"]
[SourceVersionDate "2022.10.05"]
[SourceQuality "1"]

1. c4 Nf6 2. g3 h5 3. Nf3 d6 4. Nc3 e5 5. Bg2 c6 6. d3 Bg4 7. Bg5 Be7 8. h3 Be6 9. b4 a5 10. b5 Nbd7 11. Rb1 Nc5 12. Nd2 Qd7 13. bxc6 bxc6 14. Bxf6 Bxf6 15. Na4 Nxa4 16. Qxa4 d5 17. h4 0-0 18. cxd5 Bxd5 19. Bxd5 Qxd5 20. 0-0 Be7 21. Rfc1 Rfc8 22. Rc4 f5 23. Rbc1 c5 24. Qc2 f4 25. Ne4 fxg3 26. fxg3 Rf8 27. Kg2 Rf5 28. Qb3 Kh8 29. R4c3 Qc6 30. Rb1 Raf8 31. Rcc1 Rf2+ 32. Kg1 Rxe2 33. Rf1 c4 34. Rxf8+ Bxf8 35. Qb8 cxd3 36. Qxf8+ Kh7 37. Qf5+ Kh6 38. Qg5+ Kh7 39. Qxh5+ Qh6 40. Ng5+ Kg8 41. Qe8# 1-0

[Event "Titled Tuesday intern op 12th Apr Early"]
[Site "Chess.com INT"]
[Date "2022.04.12"]
[Round "7"]
[White "Kosteniuk, Alexandra"]
[Black "Golubeva, Oksana"]
[Result "1-0"]
[WhiteElo "2516"]
[BlackElo "2179"]
[PlyCount "91"]
[EventDate "2022.04.12"]
[EventType "swiss (blitz)"]
[EventRounds "11"]
[EventCountry "USA"]
[SourceTitle "CBM 207 Extra"]
[Source "ChessBase"]
[SourceDate "2022.05.31"]
[SourceVersion "1"]
[SourceVersionDate "2022.05.31"]
[SourceQuality "1"]

1. d4 Nf6 2. c4 e6 3. Nc3 Bb4 4. e3 0-0 5. Bd3 d5 6. a3 Bxc3+ 7. bxc3 dxc4 8. Bxc4 c5 9. Ne2 Qc7 10. Ba2 b6 11. Bb2 Bb7 12. 0-0 Be4 13. f3 Bg6 14. e4 Rd8 15. Qe1 Nc6 16. Rc1 Rd7 17. Qh4 Rad8 18. Rfd1 Na5 19. Qg3 Qc6 20. Nf4 Qb5 21. Qf2 Nc4 22. Bxc4 Qxc4 23. Qe2 Qa4 24. Qc2 Qc4 25. h4 a5 26. Nd3 Qa6 27. Ne5 Rd6 28. g4 h5 29. g5 Nd7 30. Nxg6 fxg6 31. e5 Rc6 32. d5 Rcc8 33. c4 Nf8 34. Qa4 Rb8 35. Kg2 b5 36. cxb5 Qb6 37. Qc4 Qxb5 38. Ba1 exd5 39. Qxc5 Qe2+ 40. Qf2 Qxf2+ 41. Kxf2 Ne6 42. Rc2 Rb3 43. Rc3 Rf8 44. Rxb3 Nc5 45. Re3 Rd8 46. e6 1-0

[Event "Titled Tuesday intern op 05th Apr Early"]
[Site "Chess.com INT"]
[Date "2022.04.05"]
[Round "10"]
[White "Fernandez Siles, Luis"]
[Black "Golubeva, Oksana"]
[Result "1-0"]
[WhiteElo "2229"]
[BlackElo "2179"]
[PlyCount "181"]
[EventDate "2022.04.05"]
[EventType "swiss (blitz)"]
[EventRounds "11"]
[EventCountry "USA"]
[SourceTitle "CBM 207 Extra"]
[Source "ChessBase"]
[SourceDate "2022.05.31"]
[SourceVersion "1"]
[SourceVersionDate "2022.05.31"]
[SourceQuality "1"]

1. e4 e6 2. d4 d5 3. Nd2 c5 4. c3 Nf6 5. Bd3 cxd4 6. cxd4 Nc6 7. Ngf3 Bb4 8. e5 Ne4 9. 0-0 Nxd2 10. Bxd2 Be7 11. g3 Qb6 12. Bc3 Bd7 13. h4 h6 14. h5 0-0-0 15. a4 Bb4 16. Qd2 a5 17. Bb5 Kb8 18. Bxc6 Bxc6 19. Bxb4 Qxb4 20. Qxb4 axb4 21. Rfc1 Rc8 22. Kf1 Rc7 23. Ke2 Rhc8 24. Kd2 f6 25. Rc5 Be8 26. Rxc7 Rxc7 27. g4 Ka7 28. Rc1 Rxc1 29. Kxc1 Bxa4 30. Kd2 Kb6 31. Nh4 Kc7 32. Ng2 Kd7 33. f4 Kc7 34. Ne3 Be8 35. f5 Kd7 36. exf6 gxf6 37. fxe6+ Kxe6 38. Nf5 Bd7 39. Nxh6 Ke7 40. Nf5+ Kf7 41. Ke3 Ba4 42. Kf4 Bd1 43. h6 Kg6 44. Ne7+ Kxh6 45. Nxd5 Kg6 46. Nxb4 Kf7 47. Nd5 Ke6 48. Nc3 Bc2 49. g5 fxg5+ 50. Kxg5 Kd6 51. Kf4 Bg6 52. Ke3 Bf7 53. Kd3 Bg6+ 54. Kc4 Kc6 55. d5+ Kd7 56. Kc5 Bf7 57. Nb5 b6+ 58. Kd4 Bg8 59. Nc3 Kd6 60. b4 Bf7 61. Ne4+ Kd7 62. Ke5 Bg6 63. Nf6+ Ke7 64. d6+ Kd8 65. Nd5 b5 66. Nf6 Bd3 67. Kd4 Bf1 68. Kc5 Be2 69. Kc6 Bd3 70. Nd5 Be4 71. Kc5 Bd3 72. Nc7 Kc8 73. Nxb5 Kb7 74. Nd4 Bg6 75. b5 Be8 76. b6 Bd7 77. Nb5 Be6 78. Na3 Bd7 79. Nc4 Be6 80. Na5+ Kc8 81. b7+ Kb8 82. Kd4 Bd7 83. Ke5 Ka7 84. Kf6 Kb8 85. Ke7 Bb5 86. d7 Bxd7 87. Kxd7 Ka7 88. Kc7 Ka6 89. b8Q Kxa5 90. Qb3 Ka6 91. Qb6# 1-0

[Event "Titled Tuesday intern op 05th Apr Early"]
[Site "Chess.com INT"]
[Date "2022.04.05"]
[Round "2"]
[White "Golubeva, Oksana"]
[Black "Hernandez Jimenez, Alexander Andres"]
[Result "1-0"]
[WhiteElo "2179"]
[BlackElo "2141"]
[PlyCount "69"]
[EventDate "2022.04.05"]
[EventType "swiss (blitz)"]
[EventRounds "11"]
[EventCountry "USA"]
[SourceTitle "CBM 207 Extra"]
[Source "ChessBase"]
[SourceDate "2022.05.31"]
[SourceVersion "1"]
[SourceVersionDate "2022.05.31"]
[SourceQuality "1"]

1. Nf3 c5 2. e3 b6 3. c4 Bb7 4. Nc3 g6 5. d4 cxd4 6. Nxd4 Bg7 7. h4 h5 8. f3 Nf6 9. Be2 d6 10. b3 Nbd7 11. Bb2 a6 12. Qd2 Rc8 13. Rg1 e5 14. Nc2 Nc5 15. 0-0-0 Bf8 16. Kb1 Be7 17. Qe1 Qc7 18. Rd2 Rd8 19. Qf2 d5 20. cxd5 Nxd5 21. Nxd5 Rxd5 22. Rxd5 Bxd5 23. Rd1 Be6 24. Nb4 a5 25. Nd5 Qb8 26. Bb5+ Kf8 27. Nxe7 Kxe7 28. Qg3 Rd8 29. Rc1 f6 30. Qxg6 Bf7 31. Qh7 Rh8 32. Qc2 Rg8 33. Ba3 Qd6 34. Rd1 Qc7 35. Rd7+ 1-0

[Event "Titled Tuesday intern op 05th Apr Early"]
[Site "Chess.com INT"]
[Date "2022.04.05"]
[Round "9"]
[White "Manukian, Artak"]
[Black "Golubeva, Oksana"]
[Result "0-1"]
[WhiteElo "2196"]
[BlackElo "2179"]
[PlyCount "186"]
[EventDate "2022.04.05"]
[EventType "swiss (blitz)"]
[EventRounds "11"]
[EventCountry "USA"]
[SourceTitle "CBM 207 Extra"]
[Source "ChessBase"]
[SourceDate "2022.05.31"]
[SourceVersion "1"]
[SourceVersionDate "2022.05.31"]
[SourceQuality "1"]

1. e4 e6 2. d4 d5 3. e5 c5 4. c3 Nc6 5. Nf3 Qb6 6. a3 c4 7. Nbd2 Na5 8. Rb1 Bd7 9. g3 Nb3 10. Nxb3 Ba4 11. Nfd2 Ne7 12. Bh3 Nc6 13. 0-0 Na5 14. f4 g6 15. Bg2 h5 16. h3 0-0-0 17. Qe2 Nxb3 18. Nxb3 Qxb3 19. Be3 Qc2 20. Rbe1 Bh6 21. Rf2 Qxe2 22. Rfxe2 Rhg8 23. Rf1 a5 24. Kh2 Kc7 25. g4 hxg4 26. hxg4 Rh8 27. Kg3 Rh7 28. Rh1 Rdh8 29. Rh3 Bf8 30. Rxh7 Rxh7 31. f5 gxf5 32. gxf5 Rg7+ 33. Kh2 Rxg2+ 34. Rxg2 exf5 35. Rg8 Be7 36. Bg5 Bxg5 37. Rxg5 Bd7 38. Kg3 Kb6 39. Rg8 Kb5 40. Rb8 b6 41. Kf4 Be6 42. Kg5 Kc6 43. Kf6 f4 44. Rg8 Kb5 45. Rg1 Ka4 46. Rf1 Kb3 47. Rxf4 Kxb2 48. Ke7 Kxc3 49. Rxf7 Bxf7 50. Kxf7 Kxd4 51. e6 c3 52. e7 c2 53. e8Q c1Q 54. Qh8+ Kd3 55. Qh3+ Kc2 56. Qg2+ Qd2 57. Qg6+ Qd3 58. Qxb6 d4 59. Qxa5 Qb3+ 60. Kf6 Qc3 61. Qf5+ d3+ 62. Kg5 Qg7+ 63. Kf4 Qg2 64. Qc5+ Kd1 65. Qc3 d2 66. Qb3+ Ke1 67. Qe3+ Qe2 68. Qc3 Qf2+ 69. Ke4 Qg2+ 70. Kf4 Qh2+ 71. Ke4 Qh4+ 72. Kf5 Qh5+ 73. Kf4 Qh6+ 74. Kf5 Qf8+ 75. Kg4 Qg8+ 76. Kf5 Qf7+ 77. Kg4 Qe6+ 78. Kf4 Qh6+ 79. Kg4 Qg6+ 80. Kf3 Qf5+ 81. Kg3 Qg5+ 82. Kf3 Qh5+ 83. Kg3 Qh6 84. a4 Qg6+ 85. Kf3 Qf5+ 86. Kg3 Qg6+ 87. Kf4 Qf7+ 88. Kg4 Qg8+ 89. Kf5 Qe8 90. a5 Ke2 91. Qc4+ Kf2 92. Qf4+ Ke1 93. Qg3+ Kd1 0-1

[Event "Online Olym Div Top-D"]
[Site "Chess.com INT"]
[Date "2021.09.09"]
[Round "6.3"]
[White "Golubeva, Oksana"]
[Black "Sahin, Hayrun Nisa"]
[Result "1-0"]
[WhiteElo "2179"]
[BlackElo "2019"]
[PlyCount "97"]
[EventDate "2021.09.08"]
[EventType "team (rapid)"]
[EventRounds "9"]
[EventCountry "USA"]
[SourceTitle "CBM 204 Extra"]
[Source "ChessBase"]
[SourceDate "2021.11.30"]
[SourceVersion "1"]
[SourceVersionDate "2021.11.30"]
[SourceQuality "1"]
[WhiteTeam "Canada"]
[BlackTeam "Turkey"]
[WhiteTeamCountry "CAN"]
[BlackTeamCountry "TUR"]

1. Nf3 Nf6 2. e3 g6 3. b3 Bg7 4. Bb2 0-0 5. d4 d6 6. Be2 Nbd7 7. 0-0 Re8 8. a4 c6 9. Nbd2 Qc7 10. Nc4 Nb6 11. Re1 h6 12. a5 Nxc4 13. Bxc4 e5 14. dxe5 dxe5 15. e4 Nh5 16. Qc1 Be6 17. Bxe6 Rxe6 18. Bc3 Rd8 19. Qb2 Nf4 20. g3 Nh3+ 21. Kg2 Ng5 22. Nd2 f6 23. Nc4 Ree8 24. Qc1 Ne6 25. Bd2 Kh7 26. Be3 Nd4 27. Qb2 c5 28. c3 Nb5 29. Red1 Nd6 30. Nxd6 Rxd6 31. Qa3 Rxd1 32. Rxd1 Bf8 33. Qa4 Rd8 34. Rxd8 Qxd8 35. Qc4 Qc7 36. b4 b6 37. axb6 axb6 38. h4 Bd6 39. b5 Qe7 40. Qd5 Bc7 41. Kf3 Kg7 42. Ke2 h5 43. Kd3 Qd6 44. Qxd6 Bxd6 45. Kc4 Kf7 46. Kd5 Bc7 47. Kc6 Bd8 48. Kd7 Be7 49. Kc7 1-0

[Event "Speed Chess (Women) Q6"]
[Site "Chess.com INT"]
[Date "2021.06.05"]
[Round "10"]
[White "Dong, Khanh Linh"]
[Black "Golubeva, Oksana"]
[Result "1-0"]
[WhiteElo "1970"]
[BlackElo "2179"]
[PlyCount "71"]
[EventDate "2021.06.05"]
[EventType "swiss (blitz)"]
[EventRounds "13"]
[EventCountry "USA"]
[SourceTitle "CBM 202 Extra"]
[Source "ChessBase"]
[SourceDate "2021.07.31"]
[SourceVersion "1"]
[SourceVersionDate "2021.07.31"]
[SourceQuality "1"]

1. e4 e6 2. d4 d5 3. e5 c5 4. c3 Bd7 5. Nf3 Qb6 6. Be2 Nc6 7. 0-0 Rc8 8. dxc5 Bxc5 9. b4 Be7 10. a4 f6 11. Bf4 fxe5 12. Nxe5 Nxe5 13. Bxe5 Nf6 14. a5 Qd8 15. Nd2 0-0 16. Bd3 Be8 17. f4 Nd7 18. Bd4 Bf6 19. Nf3 Rxc3 20. Bxc3 Bxc3 21. Bxh7+ Kxh7 22. Qd3+ Bg6 23. Qxc3 Rxf4 24. Qe3 Rf5 25. Qxe6 Nf8 26. Qe3 Rh5 27. Rad1 Qc7 28. g4 Rh6 29. Ng5+ Kg8 30. Rxf8+ Kxf8 31. Ne6+ Kg8 32. Nxc7 Be4 33. Nxd5 Bc2 34. Qe8+ Kh7 35. Ne7 Bb3 36. Rd8 1-0

[Event "Speed Chess (Women) Q6"]
[Site "Chess.com INT"]
[Date "2021.06.05"]
[Round "4"]
[White "Golubeva, Oksana"]
[Black "Shuvalova, Polina"]
[Result "0-1"]
[WhiteElo "2179"]
[BlackElo "2489"]
[PlyCount "80"]
[EventDate "2021.06.05"]
[EventType "swiss (blitz)"]
[EventRounds "13"]
[EventCountry "USA"]
[SourceTitle "CBM 202 Extra"]
[Source "ChessBase"]
[SourceDate "2021.07.31"]
[SourceVersion "1"]
[SourceVersionDate "2021.07.31"]
[SourceQuality "1"]

1. Nf3 Nf6 2. b3 e6 3. Bb2 Be7 4. c4 0-0 5. e3 d5 6. Nc3 c5 7. d4 cxd4 8. Nxd4 Nc6 9. Nxc6 bxc6 10. Qc2 a5 11. Rd1 Bb4 12. Bd3 Qe7 13. g4 Nxg4 14. Rg1 f5 15. Ke2 Qh4 16. Rdf1 Ra7 17. Kd1 Raf7 18. Kc1 Bb7 19. Ne2 e5 20. h3 Qxh3 21. Rh1 Qf3 22. Ng1 Qg2 23. Nh3 h6 24. Rfg1 Qf3 25. Be2 Qe4 26. Bd3 Qf3 27. Rg3 Qxh1+ 28. Ng1 c5 29. Qe2 d4 30. Qf1 Bc3 31. Rh3 Bxb2+ 32. Kxb2 Qc6 33. exd4 cxd4 34. f3 Ne3 35. Qe1 Qf6 36. Kb1 e4 37. Be2 d3 38. Bd1 Nxd1 39. Qxd1 Qd4 40. Rg3 e3 0-1

[Event "Speed Chess (Women) Q6"]
[Site "Chess.com INT"]
[Date "2021.06.05"]
[Round "13"]
[White "Sviridova, Vlada"]
[Black "Golubeva, Oksana"]
[Result "1-0"]
[WhiteElo "2144"]
[BlackElo "2179"]
[PlyCount "101"]
[EventDate "2021.06.05"]
[EventType "swiss (blitz)"]
[EventRounds "13"]
[EventCountry "USA"]
[SourceTitle "CBM 202 Extra"]
[Source "ChessBase"]
[SourceDate "2021.07.31"]
[SourceVersion "1"]
[SourceVersionDate "2021.07.31"]
[SourceQuality "1"]

1. d4 e6 2. c4 Nf6 3. Nf3 d5 4. Nc3 h6 5. h3 a6 6. cxd5 exd5 7. Bf4 Bd6 8. Bxd6 Qxd6 9. e3 Bf5 10. Bd3 Bxd3 11. Qxd3 0-0 12. 0-0 Nbd7 13. a3 Nb6 14. b3 Rfe8 15. a4 Ne4 16. Ne2 a5 17. Nf4 c6 18. Qc2 Qb4 19. Rac1 Nc8 20. Nd3 Qe7 21. Nfe5 f6 22. Nf3 Ncd6 23. Rfe1 Qf7 24. Nh2 Nf5 25. g4 Nfd6 26. f3 Ng5 27. h4 Ne6 28. Nf1 Re7 29. Ng3 Rae8 30. Kf2 Nd8 31. Qd2 b6 32. Nf4 g5 33. Nd3 gxh4 34. Nf5 Nxf5 35. gxf5 Qh5 36. Nf4 Qxf5 37. Rg1+ Kh7 38. Rce1 Nf7 39. Rg4 Ng5 40. Rxh4 c5 41. Reh1 Rxe3 42. Rxh6+ Kg7 43. Rg6+ Qxg6 44. Nxg6 Rxf3+ 45. Kg2 Kxg6 46. Re1 Rh8 47. Qc2+ f5 48. Re5 Rfh3 49. Qxf5+ Kh6 50. Qxg5+ Kh7 51. Re7# 1-0

[Event "Speed Chess (Women) Q3"]
[Site "Chess.com INT"]
[Date "2021.05.30"]
[Round "8"]
[White "Golubeva, Oksana"]
[Black "Ambartsumova, Karina"]
[Result "0-1"]
[WhiteElo "2179"]
[BlackElo "2382"]
[PlyCount "86"]
[EventDate "2021.05.30"]
[EventType "swiss (blitz)"]
[EventRounds "21"]
[EventCountry "USA"]
[SourceTitle "CBM 202 Extra"]
[Source "ChessBase"]
[SourceDate "2021.07.31"]
[SourceVersion "1"]
[SourceVersionDate "2021.07.31"]
[SourceQuality "1"]

1. Nf3 Nf6 2. b3 g6 3. Bb2 Bg7 4. g3 0-0 5. Bg2 d6 6. d4 c5 7. dxc5 Qa5+ 8. Nbd2 Qxc5 9. 0-0 Qc7 10. c4 Nc6 11. e3 e5 12. h3 h6 13. Qe2 Be6 14. Ba3 Rfd8 15. Rfd1 d5 16. Rac1 Rac8 17. cxd5 Nxd5 18. Nc4 b5 19. Ncxe5 Bxe5 20. Rxc6 Qxc6 21. Nxe5 Qe8 22. Bb2 Nc3 23. Bxc3 Rxd1+ 24. Qxd1 Rxc3 25. Kh2 Rc5 26. Qd4 Rc7 27. Qf4 Qe7 28. Qxh6 Rc5 29. Nd3 Rh5 30. Qf4 Qd7 31. Ne5 Qc7 32. g4 Rxe5 33. Kg1 Rc5 34. Qe4 Rc1+ 35. Bf1 Kg7 36. g5 Qc5 37. Qf4 Qf5 38. Qd4+ Kh7 39. Qh4+ Kg8 40. Kg2 Bd5+ 41. Kg1 Rxf1+ 42. Kxf1 Qd3+ 43. Ke1 Bf3 0-1

[Event "Speed Chess (Women) Q3"]
[Site "Chess.com INT"]
[Date "2021.05.30"]
[Round "14"]
[White "Golubeva, Oksana"]
[Black "Jakubowska, Anna"]
[Result "1-0"]
[WhiteElo "2179"]
[BlackElo "2073"]
[PlyCount "145"]
[EventDate "2021.05.30"]
[EventType "swiss (blitz)"]
[EventRounds "21"]
[EventCountry "USA"]
[SourceTitle "CBM 202 Extra"]
[Source "ChessBase"]
[SourceDate "2021.07.31"]
[SourceVersion "1"]
[SourceVersionDate "2021.07.31"]
[SourceQuality "1"]

1. Nf3 f5 2. e3 Nf6 3. c4 g6 4. Nc3 Bg7 5. Qc2 0-0 6. b3 d6 7. Bb2 e5 8. d4 e4 9. Nd2 c5 10. dxc5 dxc5 11. 0-0-0 Qa5 12. Kb1 Nc6 13. a3 a6 14. Be2 Be6 15. f3 exf3 16. Bxf3 Rac8 17. e4 Nd4 18. Qd3 Rcd8 19. Nd5 b5 20. Bxd4 cxd4 21. b4 Qa4 22. Nb6 bxc4 23. Ndxc4 Qb5 24. e5 Ne4 25. Nd6 Rxd6 26. Qxb5 axb5 27. exd6 Nc3+ 28. Kc2 Nxd1 29. Rxd1 Rd8 30. d7 Bxd7 31. Bd5+ Kf8 32. Nxd7+ Rxd7 33. Bf3 Rc7+ 34. Kb1 Rc3 35. Be2 Rxa3 36. Kb2 Re3 37. Bxb5 Re5 38. Bc4 Re7 39. Kb3 Rb7 40. b5 Ke7 41. Re1+ Kd6 42. Kb4 Bf8 43. Re6+ Kd7+ 44. Ka5 Bd6 45. Rf6 Bc7+ 46. Kb4 Bd6+ 47. Ka5 Bc7+ 48. b6 Bd8 49. Rf7+ Kc8 50. Ba6 Bxb6+ 51. Kb5 Bc7+ 52. Bxb7+ Kxb7 53. Rxh7 Kc8 54. Kc4 Be5 55. Re7 Bf6 56. Re6 Bg5 57. Rxg6 Be3 58. Kd3 f4 59. Rg7 Kd8 60. g3 fxg3 61. hxg3 Ke8 62. Rb7 Kf8 63. g4 Kg8 64. Ke4 Kf8 65. Rd7 Kg8 66. Kf5 Kf8 67. g5 Ke8 68. Rd5 Kf8 69. g6 Kg8 70. Rd7 Bf2 71. Ke6 Bg1 72. Kf6 d3 73. Rd8# 1-0

[Event "Speed Chess (Women) Q3"]
[Site "Chess.com INT"]
[Date "2021.05.30"]
[Round "16"]
[White "Golubeva, Oksana"]
[Black "Nurmanova, Alua"]
[Result "0-1"]
[WhiteElo "2179"]
[BlackElo "2008"]
[PlyCount "108"]
[EventDate "2021.05.30"]
[EventType "swiss (blitz)"]
[EventRounds "21"]
[EventCountry "USA"]
[SourceTitle "CBM 202 Extra"]
[Source "ChessBase"]
[SourceDate "2021.07.31"]
[SourceVersion "1"]
[SourceVersionDate "2021.07.31"]
[SourceQuality "1"]

1. Nf3 Nf6 2. b3 g6 3. Bb2 Bg7 4. g3 0-0 5. Bg2 d6 6. 0-0 e5 7. d4 e4 8. Nfd2 Re8 9. e3 c6 10. h3 d5 11. c4 Be6 12. Nc3 Nbd7 13. cxd5 Bxd5 14. Nxd5 cxd5 15. Rc1 Qb6 16. Qe2 Rac8 17. a3 a5 18. g4 h6 19. Rfd1 Rc6 20. Rxc6 bxc6 21. Rc1 c5 22. dxc5 Nxc5 23. Bd4 Nfd7 24. b4 axb4 25. axb4 Qxb4 26. Rb1 Qa4 27. Bxg7 Kxg7 28. Nf1 Nd3 29. Qd2 N7e5 30. Qc3 Qa2 31. Rd1 Qxf2+ 32. Kh1 Kh7 33. Rd2 Qe1 34. Qd4 Nf3 35. Rxd3 Nxd4 36. Rxd4 Rd8 37. Kg1 f5 38. gxf5 gxf5 39. Kh2 f4 40. exf4 e3 41. f5 e2 42. Ng3 Qxg3+ 43. Kxg3 e1Q+ 44. Kf3 Qe5 45. Rf4 d4 46. h4 d3 47. Bh3 d2 48. Re4 Rd3+ 49. Kf2 Qxe4 50. f6 d1Q 51. Bf5+ Qxf5+ 52. Kg2 Qdf3+ 53. Kg1 Rd1+ 54. Kh2 Q5h3# 0-1

[Event "Speed Chess (Women) Q3"]
[Site "Chess.com INT"]
[Date "2021.05.30"]
[Round "4"]
[White "Golubeva, Oksana"]
[Black "Osmak, Iulija"]
[Result "1-0"]
[WhiteElo "2179"]
[BlackElo "2425"]
[PlyCount "87"]
[EventDate "2021.05.30"]
[EventType "swiss (blitz)"]
[EventRounds "21"]
[EventCountry "USA"]
[SourceTitle "CBM 202 Extra"]
[Source "ChessBase"]
[SourceDate "2021.07.31"]
[SourceVersion "1"]
[SourceVersionDate "2021.07.31"]
[SourceQuality "1"]

1. Nf3 d5 2. e3 c5 3. c4 e6 4. d4 cxd4 5. exd4 Nf6 6. Nc3 Nc6 7. Be3 Be7 8. Qc2 0-0 9. Rd1 Bd7 10. cxd5 Nb4 11. Qb1 Nbxd5 12. Bd3 Bc6 13. Ne5 Nxe3 14. fxe3 Bxg2 15. Rg1 Bh3 16. Rg3 Bf5 17. Bxf5 exf5 18. Qxf5 Kh8 19. Qg5 Ne8 20. Qh5 Bh4 21. Nxf7+ Rxf7 22. Qxf7 Bxg3+ 23. hxg3 Nf6 24. Ke2 Qd6 25. Rg1 Rf8 26. Qc4 b6 27. Qd3 h6 28. a3 Qe6 29. Qg6 Re8 30. Qd3 Qg4+ 31. Kd2 Qf3 32. Ne2 Ng4 33. Rf1 Qxf1 34. Qg6 Nf6 35. Nf4 Qf2+ 36. Kc3 Qe1+ 37. Kc2 Qxe3 38. Qf7 Qe4+ 39. Kb3 Qe7 40. Ng6+ Kh7 41. Nxe7 Rd8 42. Qg6+ Kh8 43. Nf5 Rd5 44. Qxg7# 1-0